[Event "22nd ch-EUR Indiv 2022"]
[Site "Terme Catez SLO"]
[Date "2022.04.05"]
[Round "10.94"]
[White "Palczert, Matyas"]
[Black "Petenyi, Tamas"]
[Result "1-0"]
[BlackTitle "IM"]
[WhiteElo "2284"]
[BlackElo "2451"]
[WhiteFideId "784958"]
[BlackFideId "14909090"]
[EventDate "2022.03.27"]

1. e4 g6 2. d4 Bg7 3. Nf3 c6 4. Nc3 d6 5. a4 Bg4 6. Be2 Nd7 7. h3 Bxf3 8. Bxf3
Ngf6 9. O-O O-O 10. Be3 Qc7 11. Be2 Rfd8 12. Bc4 d5 13. exd5 Nb6 14. d6 exd6 15.
Be2 Nbd5 16. Nxd5 Nxd5 17. Bg5 Re8 18. Bf3 Nb6 19. b3 a6 20. Qd2 Nd7 21. Rae1
Qb6 22. Be3 Nf6 23. Bf4 d5 24. a5 Qd8 25. Rxe8+ Nxe8 26. Qb4 Qd7 27. Re1 Bf8 28.
Qd2 Bd6 29. Be5 f6 30. Bg4 f5 31. Bf3 Bxe5 32. dxe5 Nc7 33. c4 d4 34. Qd3 Ne6
35. b4 Rd8 36. g3 Kg7 37. c5 Qe7 38. Bd1 f4 39. Bb3 fxg3 40. fxg3 Nc7 41. e6 Nd5
42. Qxd4+ Qf6 43. Qxf6+ Nxf6 44. e7 Rd3 45. Be6 Rxg3+ 46. Kh2 Rd3 47. Bc8 Rd2+
48. Kg1 Rd4 49. Bxb7 Rxb4 50. Bxc6 Rc4 51. Rf1 Rxc5 52. Rxf6 Re5 53. Rxg6+ Kf7
54. e8=Q+ 1-0

[Event "22nd ch-EUR Indiv 2022"]
[Site "Terme Catez SLO"]
[Date "2022.04.05"]
[Round "10.95"]
[White "Kanov, Nikola"]
[Black "Sanikidze, Tornike"]
[Result "0-1"]
[WhiteTitle "CM"]
[BlackTitle "GM"]
[WhiteElo "2265"]
[BlackElo "2439"]
[WhiteFideId "2928531"]
[BlackFideId "13602608"]
[EventDate "2022.03.27"]

1. e4 c5 2. Nf3 d6 3. d4 cxd4 4. Nxd4 Nf6 5. Nc3 Nc6 6. Bg5 e6 7. Qd2 a6 8.
O-O-O Bd7 9. f4 h6 10. Bh4 g5 11. fxg5 Ng4 12. Be2 Nge5 13. Nf3 Be7 14. Bf2 hxg5
15. Na4 g4 16. Nxe5 Nxe5 17. Nb6 Rb8 18. Nxd7 Qxd7 19. Kb1 Qc6 20. Bd4 Rg8 21.
Qf4 Rc8 22. Rhf1 Qxc2+ 23. Ka1 Bg5 24. Qf2 Rc7 25. Bxe5 dxe5 26. Qb6 Be7 27. h3
Qc5 28. Qb3 Qc2 29. Qb6 Qc6 30. Qb3 Qxe4 31. Bxg4 Rg5 32. a3 Qc4 33. Qf3 f5 34.
Bh5+ Kf8 35. g4 Bf6 36. Qe3 Qc5 37. Qb3 e4 38. gxf5 Rxh5 39. fxe6 Ke7 40. Rd7+
Rxd7 41. exd7 Rd5 42. d8=Q+ Rxd8 43. Qxb7+ Rd7 44. Qxe4+ Qe5 45. Qh7+ Bg7 46.
Qh4+ Ke8 47. Qf2 Kd8 48. Qb6+ Qc7 49. Qb3 Kc8 50. Kb1 Qb7 51. Qg8+ Kc7 52. Rc1+
Kb6 53. Qc4 Ka7 54. Rc2 Qb6 55. Ka2 Rb7 56. b4 Bd4 57. h4 Qf6 58. h5 Bb6 59. Qb3
Rg7 60. Rd2 Rg1 61. Rd7+ Kb8 62. Qd3 Rg2+ 63. Kb3 Rb2+ 0-1

[Event "22nd ch-EUR Indiv 2022"]
[Site "Terme Catez SLO"]
[Date "2022.04.05"]
[Round "10.96"]
[White "Sousa, Andre Ventura"]
[Black "Dordzhieva, Dinara"]
[Result "1/2-1/2"]
[WhiteTitle "IM"]
[BlackTitle "WGM"]
[WhiteElo "2429"]
[BlackElo "2325"]
[WhiteFideId "1917617"]
[BlackFideId "24157570"]
[EventDate "2022.03.27"]

1. d4 Nf6 2. Nf3 d5 3. c4 e6 4. g3 Bb4+ 5. Bd2 Be7 6. Bg2 O-O 7. O-O Nbd7 8. Qc2
Ne4 9. Nc3 Nxd2 10. Nxd2 c6 11. e4 dxe4 12. Qxe4 Nf6 13. Qe3 Qc7 14. Qe5 Bd6 15.
Qe2 Re8 16. f4 Bf8 17. Kh1 b6 18. Nf3 Bb7 19. Ne5 Rad8 20. Rad1 Nd7 21. Qh5 Nf6
22. Qf3 Ba8 23. a3 c5 24. d5 exd5 25. cxd5 a6 26. a4 c4 27. Nc6 Rd7 28. Ne5 Rdd8
29. Rd2 Qc5 30. g4 b5 31. axb5 axb5 32. g5 Nd7 33. Ne4 Qb6 34. Qh5 Nxe5 35. fxe5
Qg6 36. Qxg6 hxg6 37. e6 fxe6 38. d6 Bd5 39. Nc3 Bxg2+ 40. Kxg2 Bxd6 41. Nxb5
Be7 42. Rc2 Bxg5 43. Nc7 Re7 44. Rxc4 Bf6 45. b4 Be5 46. Na6 Rd2+ 47. Rf2 Rxf2+
48. Kxf2 Bxh2 49. Nc5 Kf7 50. Kf3 Ra7 51. Re4 Ra3+ 52. Kg2 Ra2+ 53. Kh1 e5 54.
b5 Bg3 55. Rb4 Bf2 56. Nd3 Bd4 1/2-1/2

[Event "22nd ch-EUR Indiv 2022"]
[Site "Terme Catez SLO"]
[Date "2022.04.05"]
[Round "10.97"]
[White "Blagojevic, Tijana"]
[Black "Murphy, Conor E"]
[Result "1-0"]
[WhiteTitle "WIM"]
[BlackTitle "IM"]
[WhiteElo "2260"]
[BlackElo "2427"]
[WhiteFideId "16500270"]
[BlackFideId "421669"]
[EventDate "2022.03.27"]

1. e4 c5 2. Nf3 Nc6 3. Bb5 e6 4. O-O Nge7 5. Re1 b6 6. c3 a6 7. Bf1 d5 8. e5 h6
9. d4 g5 10. Na3 Nf5 11. g4 Nfe7 12. Be3 Ng6 13. c4 cxd4 14. Nxd4 Nxd4 15. Bxd4
Bxa3 16. bxa3 dxc4 17. Be3 Bb7 18. Qxd8+ Rxd8 19. Bxb6 Nh4 20. Bxd8 Nf3+ 21. Kg2
Nxe1+ 22. Kg3 Nd3 23. Bf6 O-O 24. h4 gxh4+ 25. Kxh4 Rc8 26. Kg3 Nb2 27. f3 c3
28. Rc1 c2 29. Kf2 a5 30. Ke3 Nd1+ 31. Kd2 Bxf3 32. Bd3 Bxg4 33. Bxc2 Rb8 34.
Bxd1 Bf5 35. Bb3 Kh7 36. Rg1 Bg6 37. Ke3 h5 38. Rd1 Bf5 39. Rd8 Rb7 40. Rh8+ Kg6
41. Bd1 Bg4 42. Bc2+ Bf5 43. Rg8+ Kh6 44. Bxf5 exf5 45. Kf4 Rb1 46. Kxf5 Rf1+
47. Ke4 Rf2 48. Ra8 1-0

[Event "22nd ch-EUR Indiv 2022"]
[Site "Terme Catez SLO"]
[Date "2022.04.05"]
[Round "10.98"]
[White "Gajcin, Marina"]
[Black "Tratar, Marko"]
[Result "1-0"]
[WhiteTitle "WIM"]
[BlackTitle "GM"]
[WhiteElo "2254"]
[BlackElo "2417"]
[WhiteFideId "949086"]
[BlackFideId "14600684"]
[EventDate "2022.03.27"]

1. e4 e6 2. d4 d5 3. Nc3 Bb4 4. e5 b6 5. a3 Bf8 6. Nf3 Ne7 7. Ne2 Ba6 8. g3 c5
9. c3 Qd7 10. Bh3 Ng6 11. O-O Nc6 12. Re1 Na5 13. b3 c4 14. b4 Nb3 15. Rb1 Bb5
16. Rf1 Ba4 17. Qe1 Nxc1 18. Qxc1 Be7 19. Ne1 Nf8 20. f4 g6 21. Ng2 h5 22. Ne3
Bc6 23. Qb2 a6 24. Bg2 Ra7 25. h3 Qc7 26. Qc2 b5 27. g4 Bd8 28. Rf3 a5 29. f5
hxg4 30. hxg4 gxf5 31. gxf5 Bg5 32. Rbf1 Bxe3+ 33. Rxe3 axb4 34. axb4 Qd8 35.
Ref3 Bd7 36. Nf4 Qg5 37. Qf2 Qh4 38. Qxh4 Rxh4 39. fxe6 Bxe6 40. Rg3 Rxf4 41.
Rxf4 Ra3 42. Rf1 Ke7 43. Bh3 Bxh3 44. Rxh3 Ne6 45. Rhf3 Ng5 46. Rf5 Ne4 47.
Rxf7+ Ke6 48. Rb7 Rxc3 49. Rff7 Rc1+ 50. Kg2 Rc2+ 51. Kf1 1-0

[Event "22nd ch-EUR Indiv 2022"]
[Site "Terme Catez SLO"]
[Date "2022.04.05"]
[Round "10.99"]
[White "Nareks, Matic"]
[Black "Kilgus, Georg"]
[Result "1-0"]
[WhiteTitle "CM"]
[BlackTitle "IM"]
[WhiteElo "2202"]
[BlackElo "2415"]
[WhiteFideId "14629526"]
[BlackFideId "1606212"]
[EventDate "2022.03.27"]

1. e4 c6 2. d4 d5 3. e5 Bf5 4. Nc3 e6 5. g4 Bg6 6. Nge2 c5 7. h4 h5 8. Nf4 Bh7
9. Nxh5 Nc6 10. Bb5 cxd4 11. Qxd4 Bxc2 12. Bg5 Qd7 13. Qd2 Bh7 14. O-O a6 15.
Ba4 d4 16. Rad1 b5 17. Nxb5 axb5 18. Bxb5 Be4 19. Qe2 Bd5 20. Nf4 Be7 21. Nxd5
exd5 22. Rc1 Rc8 23. Rxc6 Rxc6 24. Rc1 d3 25. Rxc6 Bxg5 26. Qf3 Ke7 27. hxg5 d2
28. Qa3+ 1-0

[Event "22nd ch-EUR Indiv 2022"]
[Site "Terme Catez SLO"]
[Date "2022.04.05"]
[Round "10.100"]
[White "Globus, Or"]
[Black "Yordanov, Lachezar"]
[Result "1-0"]
[WhiteTitle "FM"]
[BlackTitle "FM"]
[WhiteElo "2414"]
[BlackElo "2318"]
[WhiteFideId "2816776"]
[BlackFideId "2918927"]
[EventDate "2022.03.27"]

1. d4 Nf6 2. c4 e6 3. g3 d5 4. Bg2 Bb4+ 5. Nd2 O-O 6. Nf3 dxc4 7. Qc2 a5 8. a3
Bxd2+ 9. Bxd2 b5 10. a4 c6 11. h4 Bb7 12. h5 h6 13. g4 Nxg4 14. Bh3 f5 15. Rg1
c5 16. axb5 Nd7 17. Bxg4 fxg4 18. Rxg4 Bxf3 19. exf3 Kh8 20. O-O-O Rf7 21. Bc3
cxd4 22. Rgxd4 Qg5+ 23. f4 Qxb5 24. Qg6 Kg8 25. Rxd7 Rxd7 26. Qxe6+ Rf7 27. Rg1
Qf5 28. Rxg7+ Kf8 29. Qd6+ Ke8 30. Qc6+ Ke7 31. Qb7+ 1-0

[Event "22nd ch-EUR Indiv 2022"]
[Site "Terme Catez SLO"]
[Date "2022.04.05"]
[Round "10.101"]
[White "Damjanovic, Vuk"]
[Black "Hasanzade, Toghrul"]
[Result "1-0"]
[WhiteTitle "FM"]
[BlackTitle "IM"]
[WhiteElo "2409"]
[BlackElo "2297"]
[WhiteFideId "980021"]
[BlackFideId "13407716"]
[EventDate "2022.03.27"]

1. Nf3 Nf6 2. b3 g6 3. Bb2 Bg7 4. g3 O-O 5. Bg2 d5 6. c4 Nc6 7. cxd5 Qxd5 8. Nc3
Qa5 9. O-O Qh5 10. h4 Bg4 11. Nh2 Bd7 12. d4 Rad8 13. e3 Qxd1 14. Rfxd1 Ng4 15.
Rac1 Nxh2 16. Kxh2 Bg4 17. f3 Bc8 18. Ba3 Rfe8 19. Nb5 Rd7 20. f4 a6 21. Nc3
Rdd8 22. Na4 Na7 23. Bb4 Bg4 24. Re1 c6 25. Ba5 Rb8 26. Bc7 Rbc8 27. Bb6 Nb5 28.
Bc5 Rcd8 29. Bb6 Rc8 30. Nb2 Nd6 31. Nc4 Nxc4 32. bxc4 e6 33. Rb1 f6 34. c5 Re7
35. Rb4 Rd7 36. Reb1 Re8 37. Ba7 Ree7 38. Bb8 h6 39. e4 f5 40. e5 Kh7 41. Bd6
Rf7 42. R4b2 g5 43. Kg1 gxf4 44. gxf4 h5 45. Kf2 Bh6 46. d5 cxd5 47. Bxd5 exd5
48. e6 Bg7 49. exf7 1-0

[Event "22nd ch-EUR Indiv 2022"]
[Site "Terme Catez SLO"]
[Date "2022.04.05"]
[Round "10.102"]
[White "Golubka, Petro"]
[Black "Zadravec, Matija"]
[Result "0-1"]
[WhiteTitle "GM"]
[WhiteElo "2401"]
[BlackElo "2239"]
[WhiteFideId "14114224"]
[BlackFideId "14533413"]
[EventDate "2022.03.27"]

1. e4 e5 2. Nf3 Nc6 3. Nc3 Nf6 4. a3 d5 5. exd5 Nxd5 6. Bb5 Nxc3 7. bxc3 Bd6 8.
d4 exd4 9. Qe2+ Qe7 10. cxd4 Qxe2+ 11. Kxe2 O-O 12. Be3 Ne7 13. Bd3 Nd5 14. Kd2
Nf4 15. Bf1 Bf5 16. Nh4 Be6 17. c4 Rad8 18. g3 Ng6 19. Nxg6 hxg6 20. Bd3 Be5 21.
dxe5 Bxc4 22. Kc3 Bxd3 23. Rhd1 Be4 24. Bg5 Rc8 25. Rd4 Bf5 26. g4 Be6 27. h4 c5
28. Ra4 b5 29. Rxa7 b4+ 30. Kb2 Bxg4 31. Be7 Rfe8 32. axb4 cxb4 33. R1a4 Rc4 34.
Rxb4 Rxb4+ 35. Bxb4 Rxe5 36. Kc3 Rf5 37. Ra8+ Kh7 38. Ra2 Rf3+ 39. Kd4 Rf4+ 40.
Kc5 Be6 41. Rd2 Rc4+ 42. Kb5 Rxh4 43. Bd6 g5 44. Bg3 Rc4 45. Rd6 Rc2 46. Kb4 Kg6
47. Rd3 Kf5 48. Rc3 Rxc3 49. Kxc3 Ke4 50. Kd2 f5 51. Bd6 Kf3 52. Ke1 Bc4 53. Be5
g6 54. Bf6 g4 55. Bg5 g3 56. fxg3 Kxg3 57. Be7 f4 58. Bg5 f3 59. Be3 Kg2 60. Bf2
g5 0-1

[Event "22nd ch-EUR Indiv 2022"]
[Site "Terme Catez SLO"]
[Date "2022.04.05"]
[Round "10.103"]
[White "Sokolovsky, Yahli"]
[Black "Marn, Jan"]
[Result "0-1"]
[WhiteTitle "FM"]
[BlackTitle "FM"]
[WhiteElo "2395"]
[BlackElo "2232"]
[WhiteFideId "2820242"]
[BlackFideId "14619245"]
[EventDate "2022.03.27"]

1. e4 e5 2. Nf3 Nc6 3. Bb5 g6 4. c3 a6 5. Bxc6 dxc6 6. d4 exd4 7. cxd4 Bg7 8.
Nc3 Bg4 9. Be3 Ne7 10. Qb3 O-O 11. O-O-O b5 12. h3 Be6 13. Qc2 h6 14. Ne2 f5 15.
Nf4 Bf7 16. Ne5 fxe4 17. Nxf7 Rxf7 18. Qxe4 g5 19. Ng6 Nxg6 20. Qxg6 Qd6 21. Qc2
Re8 22. Kb1 Re6 23. g4 Qd5 24. Ka1 Qe4 25. Qc5 Rd7 26. a3 Rd5 27. Qa7 c5 28.
Qxc7 cxd4 29. Bd2 Rde5 30. Rc1 Qd3 31. Rhd1 Qb3 32. h4 Re2 33. hxg5 hxg5 34. Qc2
Qf3 35. Qc7 Qd5 36. Qc5 Qxc5 37. Rxc5 Rxf2 38. Rxg5 Kf7 39. Rc5 Ree2 40. Bc1 Rg2
41. Rc7+ Kg8 42. g5 Rc2 43. Rxc2 Rxc2 44. Kb1 Rg2 45. Rd2 Rg3 46. Rf2 d3 47. Rf1
Kh7 48. Re1 Kg6 49. Rf1 Be5 50. Ka2 Rg2 51. Rd1 Rg3 52. Rf1 Bg7 53. Kb1 a5 54.
Ka2 a4 55. Kb1 Kh5 56. Ka2 Kg4 57. Rf7 Be5 58. Rf1 Rf3 59. Rg1+ Kf5 60. Rg2 Rf1
61. Bd2 Kg6 62. Bb4 Bf4 63. Bd2 Bd6 64. Bc3 Rd1 65. Bd2 Be7 66. Rf2 Bxg5 67. Bb4
d2 68. Bxd2 Rxd2 69. Rf1 Bf6 70. Rb1 Bd4 71. Ka1 Kf5 72. Ka2 Ke4 73. Ka1 Kd3 74.
Ka2 Rxb2+ 0-1

[Event "22nd ch-EUR Indiv 2022"]
[Site "Terme Catez SLO"]
[Date "2022.04.05"]
[Round "10.104"]
[White "Golubovic, Boris"]
[Black "Saraci, Korab"]
[Result "1-0"]
[WhiteTitle "IM"]
[WhiteElo "2393"]
[BlackElo "2229"]
[WhiteFideId "14502160"]
[BlackFideId "4701968"]
[EventDate "2022.03.27"]

1. d4 Nf6 2. Nf3 e6 3. Bf4 c5 4. e3 Nc6 5. c3 d5 6. Nbd2 Bd6 7. Bg3 O-O 8. Bb5
cxd4 9. exd4 Ne7 10. Bd3 Ng6 11. Bxg6 hxg6 12. Bxd6 Qxd6 13. Ne5 b5 14. a3 a5
15. O-O b4 16. axb4 Ba6 17. b5 Bxb5 18. Re1 Rfb8 19. b3 Be8 20. Re3 Rc8 21. h3
Nd7 22. Nef3 Nb6 23. Qe2 a4 24. c4 dxc4 25. bxc4 Qc7 26. c5 Nd5 27. Rea3 Rcb8
28. Ne5 Rb4 29. Qe4 f5 30. Qc2 Rxd4 31. Nef3 Rb4 32. Ng5 Bd7 33. Rc1 Qd8 34.
Ndf3 Qf6 35. c6 Be8 36. Re1 Nc7 37. Qc5 Qf8 38. Qe5 Ra7 39. Qc3 Ra6 40. Nxe6
Nxe6 41. Rxe6 Bf7 42. Re1 Rc4 43. Qa1 Qc5 44. Rd3 Ra8 45. Qd1 Qa5 46. Rd7 Be8
47. Re5 Rc5 48. Qd6 Bxd7 49. Rxc5 1-0

[Event "22nd ch-EUR Indiv 2022"]
[Site "Terme Catez SLO"]
[Date "2022.04.05"]
[Round "10.105"]
[White "Tomazini, Zan"]
[Black "Ruzic, Pia Marie"]
[Result "1-0"]
[WhiteTitle "IM"]
[WhiteElo "2376"]
[BlackElo "2072"]
[WhiteFideId "14608162"]
[BlackFideId "14620057"]
[EventDate "2022.03.27"]

1. e4 e6 2. d4 d5 3. Nd2 c5 4. Ngf3 Nc6 5. c3 Nf6 6. e5 Nd7 7. Bd3 Qb6 8. O-O
Be7 9. Re1 cxd4 10. cxd4 f6 11. exf6 Nxf6 12. Nb3 O-O 13. Bg5 a5 14. Rc1 a4 15.
Nc5 Nxd4 16. Bxh7+ Kxh7 17. Qxd4 Qd6 18. Qh4+ Kg8 19. Ne5 Ra5 20. Ncd3 d4 21.
Ng6 1-0

[Event "22nd ch-EUR Indiv 2022"]
[Site "Terme Catez SLO"]
[Date "2022.04.05"]
[Round "10.106"]
[White "Laptii, Nazar"]
[Black "Roseneck, Jonas"]
[Result "0-1"]
[BlackTitle "FM"]
[WhiteElo "2180"]
[BlackElo "2376"]
[WhiteFideId "14174332"]
[BlackFideId "12939870"]
[EventDate "2022.03.27"]

1. Nf3 d5 2. c4 e6 3. g3 Nf6 4. Bg2 dxc4 5. Qa4+ Bd7 6. Qxc4 c5 7. Ne5 Qc8 8. a4
Nc6 9. Nxd7 Qxd7 10. a5 Rc8 11. a6 b6 12. Nc3 Nd4 13. Qa4 b5 14. Qd1 c4 15. O-O
Nb3 16. Ra2 Be7 17. d3 Nxc1 18. Qxc1 b4 19. Ne4 cxd3 20. Qd1 Nxe4 21. Bxe4 d2
22. Bd3 Rc1 23. Qxd2 Rxf1+ 24. Kxf1 Qd5 25. f3 Qxa2 26. Bb5+ Kf8 27. Qd7 g6 28.
Qe8+ Kg7 29. Qxe7 Qd5 30. Qxb4 Rc8 31. Bd3 e5 32. Kg2 Rc7 33. Qb8 Rd7 34. b4 f5
35. Qe8 Rc7 36. b5 Qc5 37. Qd8 Rf7 38. e4 fxe4 39. Bxe4 Qxb5 40. Bd5 Qd7 41. Qa5
Rf6 42. Bb7 Qe7 43. h4 Rb6 44. Qc3 Rb5 45. h5 Qc5 46. Qd2 Qd4 47. Qg5 Qd6 48.
Be4 Ra5 49. h6+ Kf7 50. Qe3 Qd4 51. Qb3+ Kf6 52. Kh3 Qd2 53. Qg8 Qxh6+ 54. Kg2
Qd2+ 55. Kh3 Qd7+ 56. Kh4 Rxa6 57. g4 Ke7 58. Qxh7+ Kd6 59. Qh8 Rb6 60. Qf6+ Kc7
61. Qxe5+ Qd6 62. Qg7+ Qd7 63. Qe5+ Kc8 64. g5 Qh7+ 65. Kg4 Qd7+ 66. Kh4 Rd6 67.
Qh8+ Kc7 68. Qa8 Kb6 69. Qb8+ Kc5 70. Qb1 Qa4 71. Qb7 Kd4 72. Bxg6 Ke3+ 73. Be4
Qa2 74. Qe7 Qh2+ 75. Kg4 Qg2+ 76. Kh4 Qh2+ 77. Kg4 Qf4+ 78. Kh3 a6 79. Qa7+ Ke2
80. Qg1 Rd1 81. Qg2+ Ke3 82. g6 a5 83. Qh2 Qh6+ 84. Kg3 Qg5+ 85. Kh3 Rg1 0-1

[Event "22nd ch-EUR Indiv 2022"]
[Site "Terme Catez SLO"]
[Date "2022.04.05"]
[Round "10.107"]
[White "Spalir, Jernej"]
[Black "Babrauskas, Darius"]
[Result "1-0"]
[WhiteTitle "IM"]
[WhiteElo "2373"]
[BlackElo "2003"]
[WhiteFideId "14606518"]
[BlackFideId "12805602"]
[EventDate "2022.03.27"]

1. d4 d5 2. Nf3 Nf6 3. c4 c6 4. e3 e6 5. Nc3 Nbd7 6. Qc2 Bd6 7. Bd3 O-O 8. O-O
dxc4 9. Bxc4 a6 10. Rd1 Qc7 11. Ne4 Nxe4 12. Qxe4 Nf6 13. Qh4 c5 14. Bd3 Be7 15.
e4 Ne8 16. Bg5 Bxg5 17. Nxg5 h6 18. e5 Qe7 19. f4 cxd4 20. Qh5 Nc7 21. Ne4 Bd7
22. Nf6+ Kh8 23. Ng4 Nd5 24. Nxh6 1-0

[Event "22nd ch-EUR Indiv 2022"]
[Site "Terme Catez SLO"]
[Date "2022.04.05"]
[Round "10.108"]
[White "Goroshkov, Maksym"]
[Black "Szwed, Jacek"]
[Result "0-1"]
[BlackTitle "FM"]
[WhiteElo "2111"]
[BlackElo "2357"]
[WhiteFideId "14142716"]
[BlackFideId "1126431"]
[EventDate "2022.03.27"]

1. d4 Nf6 2. Nf3 d5 3. c4 e6 4. g3 h6 5. Bg2 Bd6 6. O-O O-O 7. Qc2 b6 8. Nc3 Bb7
9. Nb5 Nbd7 10. cxd5 exd5 11. Nh4 Ne8 12. Nf5 a6 13. Nbxd6 Nxd6 14. Nxd6 cxd6
15. Bf4 Rc8 16. Qd3 Qe7 17. Rac1 Qe6 18. h4 Nf6 19. Bf3 Ne4 20. Qb3 b5 21. Bxe4
Qxe4 22. Bxd6 Rfe8 23. e3 Rc4 24. Qd1 Bc8 25. Bf4 g5 26. hxg5 hxg5 27. Rxc4 dxc4
28. Be5 Bb7 29. f3 Qxe3+ 30. Rf2 f6 31. Bxf6 Rf8 32. Be5 Rxf3 33. Qd2 Rxg3+ 34.
Bxg3 Qxg3+ 35. Kf1 Be4 36. Ke1 Bd3 37. Qc1 Qg1+ 38. Kd2 Qxf2+ 39. Kc3 Qc2+ 0-1

[Event "22nd ch-EUR Indiv 2022"]
[Site "Terme Catez SLO"]
[Date "2022.04.05"]
[Round "10.110"]
[White "Kotsinis, Alexandros"]
[Black "Levin, Guy"]
[Result "0-1"]
[BlackTitle "FM"]
[WhiteElo "2055"]
[BlackElo "2332"]
[WhiteFideId "25870750"]
[BlackFideId "2824213"]
[EventDate "2022.03.27"]

1. d4 d5 2. c4 dxc4 3. e3 Nf6 4. Bxc4 e6 5. Nf3 a6 6. O-O b5 7. Bd3 Bb7 8. a4 b4
9. Qe2 c5 10. Nbd2 Nbd7 11. Nb3 Be7 12. Rd1 Qc7 13. Bd2 O-O 14. Rac1 Qb6 15. a5
Qa7 16. dxc5 Nxc5 17. Nxc5 Bxc5 18. Rc4 Bd5 19. Rh4 Rfd8 20. Ne5 g6 21. Bxb4
Bxb4 22. Rxb4 Qc7 23. Nc4 Bxc4 24. Rxc4 Qxa5 25. Rb1 Rd6 26. Rc3 Rad8 27. b4 Qb6
28. Ra3 Qb8 29. g3 h5 30. Ra2 Rxd3 0-1

[Event "22nd ch-EUR Indiv 2022"]
[Site "Terme Catez SLO"]
[Date "2022.04.05"]
[Round "10.111"]
[White "Ceres, Dragos"]
[Black "Bauer, Thomas"]
[Result "1-0"]
[WhiteTitle "FM"]
[BlackTitle "CM"]
[WhiteElo "2385"]
[BlackElo "2224"]
[WhiteFideId "13905864"]
[BlackFideId "1639293"]
[EventDate "2022.03.27"]

1. e4 c5 2. Nf3 d6 3. Bb5+ Nd7 4. O-O a6 5. Bd3 Ngf6 6. c3 g6 7. Bc2 Bg7 8. d4
O-O 9. Re1 e5 10. d5 h6 11. a4 Nh7 12. Nbd2 f5 13. Nc4 Qe7 14. exf5 gxf5 15.
Nfd2 b6 16. f4 Bb7 17. Nf1 Qf6 18. Ng3 exf4 19. Nxf5 Ng5 20. Bxf4 Rad8 21. Ncxd6
Ba8 22. Qd3 c4 23. Qxc4 b5 24. axb5 Nb6 25. Qd3 Rxd6 26. Bxd6 Nxd5 27. Rxa6 Nb6
28. Rxb6 Be4 29. Qc4+ Kh8 30. Bxe4 Nxe4 31. Qxe4 1-0

[Event "22nd ch-EUR Indiv 2022"]
[Site "Terme Catez SLO"]
[Date "2022.04.05"]
[Round "10.112"]
[White "Ohanyan, Emin"]
[Black "Lozynskyi, Bohdan"]
[Result "1-0"]
[WhiteTitle "IM"]
[WhiteElo "2379"]
[BlackElo "2201"]
[WhiteFideId "13312022"]
[BlackFideId "14182602"]
[EventDate "2022.03.27"]

1. d4 Nf6 2. c4 e6 3. Nf3 d5 4. Nc3 Nbd7 5. Bg5 Bb4 6. e3 c5 7. Bd3 Qa5 8. O-O
Bxc3 9. bxc3 dxc4 10. Bxc4 Ne4 11. Bf4 Nxc3 12. Qd2 Qb4 13. Rfc1 Qxc4 14. Rxc3
Qd5 15. e4 Qxe4 16. Bd6 Qd5 17. Qf4 cxd4 18. Nxd4 e5 19. Nb5 f6 20. Qb4 Kf7 21.
Nc7 Qd4 22. Qb3+ Kg6 23. Rd1 Qf4 24. Rg3+ Kh6 25. Qf7 Qxg3 26. hxg3 Nb6 27. Nxa8
Bg4 28. Bf8 1-0

[Event "22nd ch-EUR Indiv 2022"]
[Site "Terme Catez SLO"]
[Date "2022.04.05"]
[Round "10.113"]
[White "Fruebing, Stefan"]
[Black "Ciolek, Andreas"]
[Result "1/2-1/2"]
[WhiteTitle "IM"]
[BlackTitle "FM"]
[WhiteElo "2374"]
[BlackElo "2191"]
[WhiteFideId "4682165"]
[BlackFideId "12906727"]
[EventDate "2022.03.27"]

1. e4 c6 2. d4 d5 3. Nd2 dxe4 4. Nxe4 Nf6 5. Nxf6+ exf6 6. Bc4 Bd6 7. Qe2+ Be7
8. Nf3 O-O 9. O-O Bd6 10. Re1 a5 11. c3 Na6 12. Qe4 Nc7 13. Bd3 g6 14. Qh4 Be6
15. Bf4 Bxf4 16. Qxf4 Nd5 17. Qh6 Bg4 18. Nd2 b6 19. h3 Be6 20. Bxg6 hxg6 21.
Rxe6 fxe6 22. Qxg6+ Kh8 23. Qh6+ 1/2-1/2

[Event "22nd ch-EUR Indiv 2022"]
[Site "Terme Catez SLO"]
[Date "2022.04.05"]
[Round "10.114"]
[White "Manca, Federico"]
[Black "Herega, Nejc"]
[Result "1-0"]
[WhiteTitle "IM"]
[WhiteElo "2370"]
[BlackElo "2185"]
[WhiteFideId "800171"]
[BlackFideId "14634058"]
[EventDate "2022.03.27"]

1. e4 c5 2. c3 d5 3. exd5 Qxd5 4. d4 Nc6 5. Nf3 Bf5 6. Be3 Nf6 7. Na3 e6 8. Be2
Be7 9. Nb5 Rc8 10. dxc5 O-O 11. b4 Rfd8 12. O-O Qe4 13. Qc1 Nd5 14. Nfd4 Nxd4
15. Nxd4 Nxe3 16. Bf3 Qh4 17. Qxe3 Rd7 18. Rad1 Rcd8 19. Bxb7 Bf6 20. Nxf5 Rxd1
21. Nxh4 R1d3 22. Qe4 Rxc3 23. Nf3 g6 24. c6 Kg7 25. Qf4 e5 26. Nxe5 1-0

[Event "22nd ch-EUR Indiv 2022"]
[Site "Terme Catez SLO"]
[Date "2022.04.05"]
[Round "10.115"]
[White "Lavrencic, Matic"]
[Black "Richter, Nils"]
[Result "0-1"]
[BlackTitle "FM"]
[WhiteElo "2159"]
[BlackElo "2365"]
[WhiteFideId "14637847"]
[BlackFideId "12990809"]
[EventDate "2022.03.27"]

1. e4 c5 2. Nf3 e6 3. d4 cxd4 4. Nxd4 Nc6 5. Nc3 Qc7 6. Be3 a6 7. g4 b5 8. Nxc6
Qxc6 9. Qd2 Bb7 10. f3 b4 11. Ne2 d5 12. O-O-O Nf6 13. e5 Nd7 14. Bd4 Be7 15.
Kb1 O-O 16. Rc1 a5 17. f4 Nb6 18. b3 Nc4 19. bxc4 dxc4 20. Rg1 c3 21. Qe3 Qa4
22. Bg2 Bxg2 23. Rxg2 Qa3 24. Bxc3 bxc3 25. Qxc3 Rfc8 26. Qxa3 Bxa3 27. c3 Rab8+
28. Kc2 Rb2+ 29. Kd3 Rxe2 30. Rc2 Rxg2 31. Rxg2 Kf8 0-1